000 00691 a2200229 4500
005 20260417164242.0
008 260417b |||||||| |||| 00| 0 eng d
020 _a978-1-041-28206-8 (hbk)
037 _cTB
040 _aCRL
_cCRL
041 _2eng
_aeng
084 _az49G R6
_qCRL
245 _aModern South Asian thinkers: interface of region and universe
260 _aLondon:
_bRoutledge,
_c2026.
300 _a496p.
365 _b2095.00
_cINR
650 _aGeneralia
700 _aPathak, Dev Nath
_eEditor
700 _aSanjeev Kumar
_eEditor
942 _cTB
_2CC
_hz49G R6
999 _c1679546
_d1679546